000 00656nam a22002297a 4500
001 32720
003 UA-OsUOA
005 20220527144332.0
007 ta
008 20050210b un ||||| |||| 00| 0 ukr d
040 _aUA-OsUOA
_brus
_cUA-OsUOA
_dUA-OsUOA
041 _arus
044 _aRU
080 _a821.111
090 _a821.111
_bП67
245 _aПоэзия английского романтизма XIX века
_cвступ. статья Д. Урнова
260 _aМосква
_bХудожественная литература
_c1975
300 _a682 с.
_bІлюстрації
650 7 _2UDC
942 _cBK
_2udc
955 _a0
999 _c319171
_d319171